000 01045nam a2200313Ia 4500
003 OSt
005 20221006160221.0
006 a|||||r|||| 00| 0
007 ta
008 221006b |||||||| |||| 00| 0 eng d
020 _a9789041138378
_c
_92.00
024 _a44,637
037 _bGift, Window on Korea
_cTextual
040 _aEASL
_cEASL
_beng
041 _2eng
_aeng
082 _aZ495:(X4).P1, Q1
100 _aKim In Hyeon
_9672457
245 0 _aTransport law in South Korea
260 _aNetherlands
_bKluwer Law International
_c2011
300 _a164p.
_ccm.
490 _v KEL
650 _a KEL
650 _a Korea - South - General information relating to transportation
_9672458
650 _a Korea - South - Geography and demography
_9672459
650 _a Korea - South - Legal Education system
_9672460
650 _aKorea - South - Political Leagal and administrative system
_9672461
942 _hZ495:(X4).P1, Q1
_cTEXL
_2CC
999 _c1112729
_d1112729